000 00339 a2200157 4500
001 165237
020 _a
040 _cMagnum
100 _aVasconcellos, Meiga
240 1 0 _aFutebol pe-de-moleque
_lpor
245 1 0 _aFutebol pe-de-moleque
362 0 _a1899
440 1 _aDimensão
697 _aIJ/SOCIEDADE COTIDIANO
942 _cBK
999 _c165237
_d165237